02590nam a22002417a 45000010005000000030006000050050017000110080041000280200018000690400029000870820010001161000022001262450220001482600129003683000054004974900080005515050008006315201102006395200527017415210029022685210020022977000031023179403FISKH20260105122825.0260105b cb ||||| |||| 00| 0 eng d a9789995001766 aFISKHbkhrcFISKHdFISKH a398.2 aSak Rolet , Chhim aកុមារទុរគ៍ត / cអ្នកនិពន្ធ ឈឹម សក្តិរ៉ូឡែត , អ្នកវាយអត្ថបទ អ្នកស្រី ហាក់​ ផាន្នី  aភ្នំពេញ :bគ្រឹះស្ថានបោះពុម្ពនិងចែកផ្សាយ , c2013 .  a8 pages : bcolor illustrations ; c17 x 17 cm .  aរឿងនិទានអប់រំសម្រាប់កុមារ aP  aមានស្រ្តីម្នាក់មានរបរជាអ្នកសុំទានមានកូន៣នាក់ ។​​ សួនជាកូនប្រុសច្បងឈប់រៀនត្រឹមថ្នាក់ទី​៥ ។​ ចំនែកសំណាងជាកូនអ្នកមានត្រូវជាមិត្តភក្តិរបស់សួន គេបានសុំឪពុកម្តាយរបស់គេអោយយកសួនមកនៅជាមួយដើម្បីរៀនបន្ត ។ ឪពុកម្តាយសំណាងក៏បានទៅជួបនឹងម្តាយសួនក៏សុមសួនអោយមកនៅជាមួយសំណាង ហើយសន្យាថានឹងជួយទំនុកបំរុងសួនអោយបានចូលរៀន​។ ហើយឪពុកម្តាយសំណាងក៏បានអោយលុយខ្លះទៅម្តាយសួនដើម្បីត្រលប់ទៅស្រុកកំណើត​វិញ ។​  aThere was a woman who made a living by begging and had three children. Suon, her eldest son, stopped going to school at grade 5. Samnang, a wealthy boy, was Suon’s friend. He asked his parents to let Suon come live with them so he could continue his studies. Samnang’s parents went to meet Suon’s mother and asked her permission to let Suon stay with Samnang, promising that they would support him and help him continue his education. They also gave some money to Suon’s mother so she could return to her hometown.8 a650 bLexile estimate 8 aP bRaz-Plus  aVisal , SengeIllustrator